000 00924nas a2200277 4500
001 BR0904948
003 BR-BrBNA
005 20231205113550.0
007 ta
008 230509b bl.|||p| |||| 00| 00por d
040 _aBR-BrBNA
_bpor
_cBiblioteca Nacional de Agricultura
041 _a(Pt)
072 _aQ04
100 1 _aCaleguer, V. de F.
100 1 _aToffoli, E.C.
100 1 _aBenassi, M. de T.
245 1 _aAvaliação da aceitação de preparados sólidos comerciais para refresco sabor laranja e correlação com parâmetros físico-químicos
650 _aREFRESCO
650 _aPOLPA DE FRUTA
650 _aPROPRIEDADE FÍSICO-QUÍMICA
650 _aANÁLISE DE ALIMENTO
650 _aCONTROLE DE QUALIDADE
773 0 _tSemina. Ciências Agrárias (Brazil)
_xISSN 1676-546X
_g(Oct-Dec 2006), v. 27(4) p. 587-597
_wBR0904948
909 _a202311
_bLúcia
_c55
_dLúcia Elande
942 _2AGRIS
_n0
_cANA
999 _c204458
_d204458